<?xml version="1.0" encoding="UTF-8"?>
<collection xmlns="http://www.loc.gov/MARC21/slim">
  <record>
    <leader>00000nam  2200000   4500</leader>
    <controlfield tag="001">INLIS000000000017376</controlfield>
    <controlfield tag="005">20240909085947</controlfield>
    <datafield tag="035" ind1="#" ind2="#">
      <subfield code="a">0010-0724000109</subfield>
    </datafield>
    <controlfield tag="007">ta</controlfield>
    <controlfield tag="008">240909################|##########|#|##</controlfield>
    <datafield tag="084" ind1="#" ind2="#">
      <subfield code="a">R 022 PKP 2023</subfield>
    </datafield>
    <datafield tag="100" ind1=" " ind2="#">
      <subfield code="a">Jumta Jaya</subfield>
    </datafield>
    <datafield tag="245" ind1="1" ind2="#">
      <subfield code="a">Strategi Monitoring dan Evaluasi Anggaran untuk Meningkatkan Efektivitas dan Akuntabilitas Kegiatan Pada Pusat Teknologi Informasi PPATK Dalam Mendukung Rezim APUPPT Di Indonesia /</subfield>
      <subfield code="c">Jumta Jaya</subfield>
    </datafield>
    <datafield tag="260" ind1="#" ind2="#">
      <subfield code="a">Jakarta :</subfield>
      <subfield code="b">Pusbangkom Pimnas dan Manajerial ASN,</subfield>
      <subfield code="c">2023</subfield>
    </datafield>
    <datafield tag="300" ind1="#" ind2="#">
      <subfield code="a">27 halaman ;</subfield>
      <subfield code="c">30 cm</subfield>
    </datafield>
    <datafield tag="650" ind1="#" ind2="4">
      <subfield code="a">Monitoring dan Evaluasi</subfield>
    </datafield>
    <datafield tag="650" ind1="#" ind2="4">
      <subfield code="a">Anggaran</subfield>
    </datafield>
    <datafield tag="520" ind1="#" ind2="#">
      <subfield code="a">Tujuan utama dari implementasi aksi perubahan ini adalah merancang model pengembangan dashboard anggaran untuk kebutuhan pengambilan keputusan. Dashboard adalah aplikasi sistem informasi yang menyajikan informasi mengenai indikator utama dari aktifitas penyerapan anggaran organisasi secara sekilas dalam layar tunggal. Pembuatan model memperhatikan 3 (tiga) aspek utama dashboard yaitu penyajian data/informasi, personalisasi, dan kolaborasi antar pengguna. Model yang dihasilkan digunakan untuk pengembangan dashboard bagi kebutuhan monitoring dan evaluasi kinerja serta sebagai alat bantu pengambilan keputusan. Monitoring dan evaluasi kinerja harus dilakukan secara terus menerus oleh Kepala Sub Bagian Taat Usaha untuk memastikan bahwa proses bisnis yang dijalankannya dapat mencapai tujuan yang telah ditetapkan, melalui strategi pengelolaan yang tepat. Secara umum dapat dinyatakan bahwa kebutuhan yang terkait aspek penyajian data/informasi, personalisasi, dan performasi merupakan hal yang dianggap penting untuk sebuah dashboard.</subfield>
    </datafield>
    <datafield tag="856" ind1="#" ind2="#">
      <subfield code="a">Perpustakaan LAN Pusat</subfield>
    </datafield>
    <datafield tag="990" ind1="#" ind2="#">
      <subfield code="a">24.07.022</subfield>
    </datafield>
  </record>
</collection>
